000
00249nam a2200121Ia 4500
100
_a
D.G.E.T.
942
_c
BK
245
_a
TOOL & DIE MAKER SYLLABUS
260
_b
MINISTRY OF LABOUR
_a
New Delhi
300
_a
50
546
_a
ENGLISH
999
_c
24436
_d
24436